000 00690nam a2200217Ia 4500
003 GCL
005 20240530095534.0
008 140319s9999 xx 000 0 ara d
020 _a1132209977
040 _aGCL /
_cGCL
082 0 4 _a953.023
_bق/ج د
100 1 _aقاسم عبده قاسم
245 1 0 _aدخول الاسلام مصر /
_cقاسم عبده قاسم
250 _aالاولى
260 _aالقاهرة :
_bالمكتب المصرى الحديث ،
_c2006
300 _a232 ص ؛
_c24 سم
650 0 4 _aمصر - تاريخ - عصر صدر الاسلام
650 0 4 _aمصر - الاحوال الدينية
700 1 _aجميل عارف
942 _2ddc
_cBK
999 _c8191
_d8191